000 00899nam a2200217Ia 4500
999 _c38060
_d38060
001 4046
003 GE_BSU
005 20190930122712.0
008 181216s1988||||ge |||||||||||||| ||geo||
020 _a5520004243
040 _cGE_BSU
041 _ageo
080 _a94(354)+34 ხ–21
245 _aხამურაბის კანონები /
_cრედ.: ვ. გვახარია; აქადურიდან თარგმნა და კომენტარები დაურთო ზურაბ კიკნაძემ
264 _aთბ. :
_bმეცნიერება,
_c1988.
300 _a111 გვ. ;
_b17 სმ.
653 _aბაბილონის ისტორია
653 _aსამართლის ისტორია
700 _aგვახარია, ვ.
_eრედაქტორი
_93887
942 _cBK
_2udc